| 000 | 01174nam0a22002651 4500 | ||
|---|---|---|---|
| 001 | rc\635819 | ||
| 005 | 20250621192630.0 | ||
| 035 | _a(NLR Aleph) 005877694 | ||
| 090 |
_a6045316 _c6045316 |
||
| 100 | _a20031121d1986 |||y0rusy50 ca | ||
| 101 | 0 | _arus | |
| 102 | _aRU | ||
| 105 | _aa ||||||||| | ||
| 200 | 1 |
_aМОЛОДЕЖЬ Зауралья - научно-техническому прогрессу _eТез. докл. Обл. науч.-практ. конф. молодых учен. и специалистов _f[Редкол.: М.Л. Ерихов, д. т. н., проф. (отв. ред.) и др.] |
|
| 210 |
_aКурган _cБ. и. _d1986 |
||
| 215 |
_a161 с. _cсхем. _d20 |
||
| 300 | _aВ надзаг.: Кург. обком ВЛКСМ, Кург. обл. совет НТО, Дом техники НТО | ||
| 320 | _aБиблиогр. в конце докл. | ||
| 702 | 1 |
_aЕрихов _bМ.Л. _4340 |
|
| 712 | 1 | 2 |
_aКурганская обл. науч.-практ. конф. молодых ученых и специалистов _f1986 |
| 801 | 0 |
_aRU _bNLR _gpsbo |
|
| 801 | 1 |
_aRU _bELAR _2rusmarc |
|
| 852 |
_aNLR _j87-3/13113 |
||
| 942 | _cBOOK | ||
| 980 | _aNB | ||